| 000 | 00857nam a22002297a 4500 | ||
|---|---|---|---|
| 003 | OSt | ||
| 005 | 20230119153151.0 | ||
| 008 | 221006b |||||||| |||| 00| 0 eng d | ||
| 020 | _a0 9774079 1 8 | ||
| 040 | _cBiblioteca Lado V | ||
| 082 |
_a708.092 _bF981a |
||
| 110 |
_910 _aFundación Cisneros _eautor |
||
| 245 | _aAlexander Apostol | Savage Moder | Moderno Salvaje \ Magdalena Fernandez | Surfaces | Superficies / | ||
| 260 |
_bAmerican National _aMiami _c2006 |
||
| 300 |
_a39p. _c15x23cm |
||
| 650 |
_2Tesauro de Arte & Arquitectura _aOBRA ARTISTICA |
||
| 650 |
_2Tesauro de Arte & Arquitectura _aALEXANDER APOSTOL |
||
| 650 |
_2Tesauro de Arte & Arquitectura _aMAGDALENA FERNANDEZ |
||
| 650 |
_2Tesauro de Arte & Arquitectura _aEXHIBICION |
||
| 700 |
_aFitzsimmons, Claire _eeditor |
||
| 942 |
_2ddc _c1 _h708.092 _iF981a _n0 |
||
| 999 |
_c2849 _d2849 |
||